00396nam a2200109Ia 4500008004100000100003200041245008300073260003000156300001800186650001400204856006800218160712s9999 xx 000 0 und d aJohannessen, Gloria Guzman. cGloria Guzman JohannessenaThe Heart, Mind, and Soul Of a Multilingual Society c2011bEducation Quarterly avol. 69 no. 1 xEDUCATION uhttp://journals.upd.edu.ph/index.php/edq/article/view/2899/2673